Statistics for Dragonball Z Quiz

Click here to take the quiz!

General Stats

  • This quiz has been taken 699 times
  • The average score is 12 of 25

Answer Stats

HintAnswer% Correct
Who achieves Super Saiyan 1 first?Goku
93%
Who killed Frieza?Trunks
92%
Who achieves Super Saiyan 2 first?Gohan
88%
Who was the second?Kami
78%
Apart from Goku, who else reaches Super Saiyan 3?Gotenks
77%
Who is the first person to kill Goku?Piccolo
72%
Who was the first person to fuse with Piccolo?Nail
71%
Who is the only character killed by a Saibaman?Yamcha
70%
How many androids did Future Trunks not know about when he travels back in time?4
63%
Who is Chi Chi's father?Ox King
62%
Who was the psychic member of the Ginyu Force?Guldo
56%
Who is the pig that lives with Roshi?Oolong
55%
Who is the only character that Goku directly kills himself?Majin Buu
44%
Who cuts off Vegeta's tail?Yajirobe
44%
What is the name of the Namekian Shenron?Porunga
36%
What is the name of Krillin's daughter?Marron
35%
Who are King Kai's close companions?Bubbles and Gregory
24%
This is the same as the...?Saibamen
24%
What is Raditz's power level?1,500
23%
What is Goku's highest recorded power level from a scouter?180,000
15%
What was the name of the bug planet Vegeta destorys in an Anime filler?Arlia
9%
Who does Goku meet in Hell?Goz and Mez
7%
What was Roshi's power level when it was recorded by Bulma in the Saiyan Saga?139
6%
After Goku escapes from Hell, where does he end up?King Yemma's Desk
4%
Who are the three people Goku, Vegeta and Gohan fight on their way to BabbidiDabura, Yakon and Pui Pui
3%

Score Distribution

Percentile by Number Answered

Percent of People with Each Score

Your Score History

You have not taken this quiz